Quiz Polska Liga DLS - Statystyki

Ogólne statystyki
  • Ten quiz został rozwiązany 12 razy
  • Średni wynik to 15 z 25
Statystyki odpowiedzi
Pytanie Odpowiedź % Poprawnych
Aktualny Mistrz Widzew Łódź
100%
Jaki jest najniższy szczebel ligowy? 3 liga
89%
Jaki jest największy turniej, tylko dla najlepszych? Liga Mistrzów
89%
Kto wygrał swój turniej? (weteran cup) Raków Częstochowa
89%
Kto zrobił tego quiza? Soplicowo
89%
Aplikacja, w której można śledzić wyniki lig Winner
89%
Kto jest najmłodszym adminem? WvS
89%
Kto jest "influencerem" z polskiej ligi DLS, który wrzuca swoje wyniki na fb? Cubro Team Polska
78%
Turniej, który jest robiony w przerwie pomiędzy sezonami Dywizja Mistrzów
78%
Kto zajmuje 3 miejsce w tabeli wszechczasów? GKS Katowice
78%
Turniej, który był robiony w przerwie pomiędzy sezonami (już go nie ma) Liga Narodów
78%
Aktualny największy klan PnG (Persona Non Grata)
78%
Kto grał najdłużej (z rzędu) w 1 lidze? Górnik Wałbrzych
67%
Czat Polskiej Ligi DLS, na którym toczone są luźne rozmowy PARK DLS POLSKA
67%
Jak się nazywa turniej w pary? Widzew&Raków Double Cup
67%
Kto założył Polską Ligę DLS? DreamFace "Błyskawica"
56%
Kto wygrał 1 sezon Pucharu Polski? Górnik Zabrze
56%
Czat Polskiej Ligi DLS, na którym wrzuca się wyniki sparingów i są tam najważniejsze informacje Rekrutacja & Informacja
56%
Kto wygrał 23 sezon 2 ligi? Orlicz Suchedniow
44%
Kto wygrał 1 sezon ekstraklasy? Błyskawica Kończyce Wielkie
33%
Kto wygrał Igrzyska Olimpijskie? Amica Wronki
22%
Projekt Soplicy, wcześniej Lechu Poznań i Legii Warszawy Mapa Polskiej Ligi DLS
22%
Kto wygrał 14 sezon 1 ligi? Escobar Medellin Cartel
11%
Kto jest znany od memu "oki"? GKS Tychy 1971
11%
Kto wygrał 14 sezon ekstraklasy? Masuria FC
11%
Nie znaleziono quizów pasujących do podanych kryteriów
Rozkład punktacji
Procent ludzi z każdym wynikiem
Percentyl według liczby udzielonych odpowiedzi
Twoja historia wyników
Nie rozwiązałeś tego quizu